000 00320nam a22001457a 4500
020 _a978-81-8204-089-2
082 _a641.2
_bJAY
100 _aJAY PRAKASH KANT
245 _aFOOD & BEVERAGE
260 _aDELHI
_bAMAN
_c2015
300 _a218
650 _aFOOD & BEVERAGE
653 _aFOOD, BEVERAGE
942 _2ddc
_cBK
999 _c8062
_d8062